000 00688cam a22002171 4500
001 sa 63003950
003 DLC
005 20260227111945.0
008 940715s1962 ii 000 0 pano
010 _asa 63003950
025 _aPL480:I-Pu-187
035 _a(OCoLC)30774257
040 _aDLC
_cCU
_dCU
_dNSyU
_dDLC
050 0 0 _aPK2656
_b.S53
100 0 _aAwatāra Siṅgha.
245 1 0 _aWassadā Pañjāba;
_bPañjābī bolīāṃ, bhaṅgaṛā te philamī loka gīta,
_ckartā Avatāra Siṅgha 'Pradesī.'
260 _aAmmritasara,
_bBhāī Jawāhara Siṅgha Kripāla Siṅgha
_c[1962?]
300 _a112 p.
_c19 cm.
500 _aIn Panjabi.
650 0 _aFolk songs, Panjabi.
999 _c55380
_d55380